01141cam a22002778a 4500001001000000003000400010005001700014008004100031020001800072082002400090245012000114260010400234300004400338490002900382500002400411504004100435650004400476650002500520653002200545655002400567700003900591700003900630942002400669999001700693952015300710015995667OSt20140319154213.0111219t2010 xxkad frbf 001 0 eng d a978085793143604a658.421082222bINT00aInternational research handbook on successful women entrepreneurs /cedited by Sandra L. Fielden, Marilyn Davidson. aCheltenham, United Kingdom ;aNorthampton, United State :bEdward Elgar,cc.2010f(MPG Books Group) axiv, 242 p. :bcharts, tables ;c25 cm.0 aElgar original reference aIndex : p. 231-242. aIncludes bibliographical references. 0aWomen-owned business enterprises935707 0aBusinesswomen935708 bENGGENcMarch2014 vreading book9342321 aFielden, Sandra L.eeditor.9357101 aDavidson, Marilyn.eeditor.935711 2ddck658.421082 INT c18132d18104 00102ddc40708BaccahaMAINbMAINc1STd2014-03-19epurchaseg360.00l1m1o658.421082 INTp000035767r2025-07-15 00:00:00s2016-03-30v450.00yBB